000 00617nam a22001817a 4500
005 20170802112252.0
010 _aENG-119506
020 _c175.00
_a9788184654554
035 _aEN-103038
037 _bDBAD/PUB
082 _a305.800954
100 _aFachhai,Laiu
245 _aEthnic squeezing in Northeast India :
_cby Laiu Fachhai
_ba religio-political analysis/
260 _aDelhi
_bThe Indian Society for Promoting Christian Knowlewdge(ISPCK))
_c2014
270 _a1585,1654 Madarsa Road Kashmere Gate
_bDelhi
_e110006
300 _ax,131p.
_c24cm(pbk)
942 _2ddc
_cEN
_mFAC
_h305.800954
999 _c143040
_d143040